La rebelión de las masas (Registro nro. 5799)

Detalles MARC
000 -LEADER
fixed length control field 01284 a2200205 4500
001 - CONTROL NUMBER
control field 54777
005 - DATE AND TIME OF LATEST TRANSACTION
control field 20260407155823.0
008 - FIXED-LENGTH DATA ELEMENTS--GENERAL INFORMATION
fixed length control field 260407a1964 arg spa d
003 - CONTROL NUMBER IDENTIFIER
control field AR-UNSa-BCEJYS
040 ## - CATALOGING SOURCE
Original cataloging agency AR-UNSa-BCEJYS
Language of cataloging spa
Transcribing agency AR-UNSa-BCEJYS
080 ## - UNIVERSAL DECIMAL CLASSIFICATION NUMBER
Universal Decimal Classification number 316.42
Common auxiliary subdivision Cambio social en sociedades globales. Desarrollo social. Sociología del desarrollo (Desarrollo Humano)
100 1# - MAIN ENTRY--PERSONAL NAME
Personal name Ortega y Gasset, José
245 10 - TITLE STATEMENT
Title La rebelión de las masas
250 ## - EDITION STATEMENT
Edition statement 38a.ed.
264 #1 - PRODUCTION, PUBLICATION, DISTRIBUTION, MANUFACTURE, AND COPYRIGHT NOTICE
Place of production, publication, distribution, manufacture Madrid :
Name of producer, publisher, distributor, manufacturer Revista de Occidente
Date of production, publication, distribution, manufacture, or copyright notice 1964
300 ## - PHYSICAL DESCRIPTION
Extent 370 p.
Dimensions 18 cm.
505 ## - FORMATTED CONTENTS NOTE
Formatted contents note 1. El hecho de las aglomeraciones – 2. La subida del nivel histórico – 3. La altura de los tiempos – 4. El crecimiento de la vida – 5. Un dato estadístico – 6. Comienza la disección del hombre-masa – 7. Vida noble y vida vulgar, o esfuerzo inercia – 8. Por qué las masas intervienen en todo y por qué solo intervienen en todo y por qué solo intervienen violentamente – 9. Primitivismo y técnica – 10. Primitivismo e historia – 11. La época del señorito satisfecho – 12. La barbarie del especialísimo – 13. El mayor peligro el Estado – 14. ¿Quién manda en el mundo? – 15. Se desemboca en la verdadera cuestión.
590 ## - LOCAL NOTE (RLIN)
Local note niveau_biblio:m niveau_hierar:0
942 ## - ADDED ENTRY ELEMENTS (KOHA)
Koha item type
Existencias
Withdrawn status Lost status Damaged status Not for loan Home library Current library Shelving location Date acquired Total checkouts Full call number Barcode Date last seen Price effective from Koha item type
        Biblioteca Prof. Eusebio Cleto del Rey Biblioteca Prof. Eusebio Cleto del Rey   07/04/2026   316.42 O77 38ed. L21010 07/04/2026 07/04/2026 Libro